| 000 | 00986nam a22003257a 4500 | ||
|---|---|---|---|
| 001 | BR7702418 | ||
| 003 | BR-BrBNA | ||
| 005 | 20230928085252.0 | ||
| 007 | ta | ||
| 008 | 230509b bl.||||| |||| 00| 0 por d | ||
| 040 |
_aBR-BrBNA _bpor _cBiblioteca Nacional de Agricultura |
||
| 041 | _a(Por) | ||
| 072 |
_aF00; P05 _b1540 _b8961 _b/G514 |
||
| 090 | _ 1540 BR7702418 | ||
| 100 | 1 | _aAraujo Filho, A.A. | |
| 110 | 1 |
_aBanco do Nordeste do Brasil S.A., Fortaleza, CE. Depto. de Estudos Economicos do Nordeste _91157 |
|
| 245 | 1 | _aObtencao de alcool anidro a partir da mandioca. Possibilidades no Nordeste [Manihot esculenta, Brasil] | |
| 260 | 3 |
_aFortaleza, CE (Brasil): _c1977. |
|
| 300 | _a85 p. | ||
| 500 | _a31 tables; 18 ref. | ||
| 650 | _aMANDIOCA | ||
| 650 | _aALCOOL ANIDRO | ||
| 650 | _aHIDROLISE | ||
| 650 | _aFERMENTACAO | ||
| 650 | _aDESTILACAO | ||
| 650 | _aCOMBUSTIVEL | ||
| 650 | _aREGIAO NORDESTE | ||
| 909 |
_a202309 _bLucia _c55 _dLucia Elande |
||
| 942 | _cBK | ||
| 999 |
_c23583 _d23583 |
||